2008'de Türkiye (Record no. 1954)

MARC details
000 -BAŞLIK
Sabit Uzunlukta Kontrol Alanı 00723na a2200253 4500
001 - KONTROL NUMARASI
Denetim Alanı 12571
003 - KONTROL NUMARASI IDENTIFIER
Denetim Alanı MIRAKIL
005 - SON İŞLEM TARİHİ VE ZAMANI
Denetim Alanı 20181213154840.0
008 - SABİT-BOY VERİ ELEMANLARI - GENEL BİLGİLER
Sabit Uzunlukta Kontrol Alanı 160807b tu 000 0
020 ## - ULUSLARARASI STANDART KİTAP NUMARASI
Uluslararası Standart Kitap Numarası 9789756288921
035 ## - SİSTEM KONTROL NUMARASI
Sistem Kontrol Numarası 12571
040 ## - KATALOGLAMA KAYNAK
Orijinal Kataloglama Ajansı Milas
Kataloglama Dili tur
Metne Dönüştürmek Ajansı TR-AnCHP
082 ## - DEWEY ONLU SINIFLANDIRMA NUMARASI
Sınıflandırma Numarası 133.509561
Ürün Numarası D77i 2007
090 ## - SINIFLAMA NUMARASI
Sınıflama Numarası 133.509561 D77i 2007
100 ## - ANA GİRİŞ - KİŞİSEL İSİM
Kişisel Ad Döşer, Öner
245 ## - BAŞLIK TABLOSU
Başlık 2008'de Türkiye
Başlığın Kalan Türkiye için astrolojik öngörüler
Sorumluluk Tablosu, Vb Öner Döşer
246 ## - UNVAN FORM VARYING
Başlık Doğru / Kısa Başlığı Türkiye için astrolojik öngörüler
260 ## - YAYIN, DAĞITIM, VB
Yayın, Dağıtım, Vb Yeri İstanbul
Yayıncı, Dağıtıcı, Vs Adı Klan Yayınları
Yayın, Dağıtım, Vb Tarihi 2007
300 ## - FİZİKSEL TANIM
Kapsam 100 s.
Boyutlar 21 sm.
504 ## - KAYNAKÇA VB NOT
Kaynakça Vb Notu Kaynakça var.
650 ## - KONU KATMA GİRİŞ - TOPİKAL DÖNEM
Topikal Süreli Veya Coğrafi Ad Giriş Elemanı Astroloji
Coğrafi Alt Bölümü Türkiye
650 ## - KONU KATMA GİRİŞ - TOPİKAL DÖNEM
Topikal Süreli Veya Coğrafi Ad Giriş Elemanı Astroloji, Türk
Aktif Tarihleri 2008
942 ## - EKLENDİ GİRİŞ ELEMANLARI (KOHA)
Sınıflandırma Veya Raf Düzeni Kaynak
Koha Öğesi Türü Books
999 ## - SİSTEM KONTROL NUMARALARI (KOHA)
Koha Biblionumber 1954
Koha Biblioitemnumber 1954
Holdings
Kalıcı Konum Mevcut Konum Edinme Tarihi Edinim Kaynak Toplam Check-Out'Lar Tam Çağrı Numarası Barkod Tarih Son Görülme İtibaren Geçerli Fiyatlar Koha Öğesi Türü
CHP Kütüphanesi CHP Kütüphanesi 07/26/2016 Bağış   133.509561 D77i 2007 000110 07/26/2016 07/26/2016 Books